The Ultimate Flag, Country, Shape, City, Challenge Thing - Statistics

General Stats
  • This quiz has been taken 822 times
  • The average score is 32 of 100
Answer Stats
Hint Answer % Correct
Contains most of the Namib Desert Namibia
100%
Home to Transylvania Romania
96%
China
83%
Kazakhstan
83%
Doubly landlocked Asian Country Uzbekistan
75%
Nagoya Japan
70%
Also a continent Australia
68%
Germany
66%
New Zealand
65%
Country beginning with "East" East Timor
64%
Algeria
63%
Iran
61%
Juba South Sudan
58%
First country to declare independence from the U.S.S.R Lithuania
56%
Piccadilly Circus United Kingdom
53%
D.R. Congo
51%
Largest country in the Lesser Antilles Trinidad and Tobago
49%
Across the Bab-el-Mandeb from Yemen Djibouti
48%
Lake Baikal Russia
46%
Lucerne Switzerland
46%
Chicago United States
46%
Fiji
45%
Mindanao Philippines
44%
Tanzania
43%
Yaren Nauru
41%
Krakow Poland
41%
Timbuktu Mali
40%
Ukraine
40%
Brazil
34%
Finland
34%
Paris France
34%
Where Buddhism was created India
34%
Israel
34%
Morocco
34%
Myanmar
34%
Westernmost mainland country in Africa Senegal
34%
Ankara Turkey
34%
Used to be split into North and South Vietnam
34%
Sinai Peninsula Egypt
33%
San Salvador El Salvador
33%
Least densely populated country in Asia Mongolia
33%
Thailand
33%
Samoa
32%
Largest enclave of Italy San Marino
32%
Caucasus country on the Caspian Sea Azerbaijan
30%
Norway
30%
This City-State was once part of the British Empire Singapore
30%
North of the Gulf of Aden Yemen
30%
Salzberg Austria
28%
Accra Ghana
28%
Last discovered country in Europe Iceland
28%
Damascus Syria
28%
Montevideo Uruguay
28%
This was the last country to receive TV Bhutan
21%
Angkor Wat Cambodia
21%
Busan South Korea
21%
Seville Spain
21%
Bandar Seri Begawan Brunei
20%
Riga Latvia
20%
This African country's capital is named for a U.S President Liberia
20%
Maputo Mozambique
20%
Tunisia
20%
Country with the Longest Coastline Canada
19%
Only borders Senegal Gambia
19%
Madagascar
19%
Macchu Pichu Peru
19%
Georgetown Guyana
18%
Indonesia
18%
Papua New Guinea
18%
Bulawayo Zimbabwe
18%
Mt Chimborazo Ecuador
17%
Afghanistan
16%
Dual rule from France and Spain Andorra
16%
Strait of Messina Italy
16%
Portugal
16%
Kosovo declared independence from this country Serbia
16%
Douala Cameroon
15%
Saint Peter's Basilica Vatican City
15%
Petronas Towers Malaysia
14%
Smallest country in Africa Seychelles
14%
Formerly Upper Volta Burkina Faso
13%
Kenya
13%
South Africa
13%
Jutland Peninsula Denmark
12%
Santo Domingo Dominican Republic
12%
Greece
12%
Iraq
12%
Nouakchott Mauritania
12%
Panama
12%
Uganda
12%
Lake Maracaibo Venezuela
12%
Bahamas
11%
Moai Statues Chile
11%
Ethiopia
11%
Kathmandu Nepal
11%
Niger River Delta Nigeria
11%
Kaaba Saudi Arabia
11%
Libya
10%
Columbo Sri Lanka
10%
Turkmenistan
10%
No matching quizzes found
Score Distribution
Percent of People with Each Score
Percentile by Number Answered
Your Score History
You have not taken this quiz